| 000 | 00697nam a22001697a 4500 | ||
|---|---|---|---|
| 003 | SGT | ||
| 020 | _a9788131707937 | ||
| 082 | _a547.59 | ||
| 100 | _aGILCHRIST L. THOMAS | ||
| 245 | _aHETEROCYCLIC CHEMISTRY | ||
| 250 | _a3RD | ||
| 260 |
_aNEW DELHI _bPEARSON _c2013 |
||
| 300 | _a414 | ||
| 650 | _aORGANIC CHEMISTRY | ||
| 653 | _aIntroduction, Aromatic Heterocycles, Nonaromatic Heterocycles, Methods of Ring Synthesis, Six-membered Rings, Five-membered Rings with One Heteroatom, Six-membered Rings with Two or More Heteroatoms, Five-membered Rings with Two or More Heteroatoms, Three and Four Membered Rings, Seven and Larger Membered Ring Compounds, Nomenclature | ||
| 942 |
_2ddc _cFPS _05 |
||
| 999 |
_c9272 _d9272 |
||